000 00776nam a22002657a 4500
001 121650
003 UA-OsUOA
005 20220425141901.0
007 ta
008 20170327b un ||||| |||| 00| 0 ukr d
040 _aUA-OsUOA
_brus
_cUA-OsUOA
_dUA-OsUOA
041 _arus
080 _a821.161.1
090 _a821.161.1
_bК12
100 _aКаверин В.
245 _aСобрание сочинений в восьми томах
260 _aМ.
_bХудожественная литература
_c1983
300 _a463 с.
505 _gТ. 8
_tВерлиока
591 _aДімаров А.
650 7 _a821 Художня література
_2UDC
942 _cBK
_2udc
955 _a3
999 _c407765
_d407765